| 000 | 01676nam a22002777a 4500 | ||
|---|---|---|---|
| 005 | 20081208151837.0 | ||
| 008 | 081208t xxu||||| |||| 00| 0 hin d | ||
| 010 | _aHIN-85376 | ||
| 020 |
_a9788190483384 _c200.00 |
||
| 035 | _aHN-57722 | ||
| 037 | _bDBAD / PUB | ||
| 040 |
_aDPL _bHN |
||
| 082 | _a301.153 | ||
| 100 |
_aअरोङा, अरविन्द _qअरोङा, अरविन्द 'मुक्त' |
||
| 245 |
_aतीन महान शताब्दी पुरूष : _b(गाँधी,मार्क्स और हनीमन) / _cअरविन्द अरोड़ा 'मुक्त' |
||
| 246 |
_aTiina mahaana shataabadii purusha _bby Arvind Arora' Mukta' |
||
| 260 |
_aदिल्ली _bस्टैप बाई स्टैप पब्लिशर्स _c2008 |
||
| 270 |
_a1362, कश्मीरी गेट, बैक साइड, _bदिल्ली _e110 006 |
||
| 300 |
_a160पृ. _c21सेमी(सजिल्द) |
||
| 600 |
_aगाँधी, महात्मा,1869-1948. _xराजनीतिक एवं सामाजिक विचार |
||
| 600 |
_aGandhi, Mahatma,1869-1948. _xPolitical and social views. |
||
| 600 |
_aमार्क्स, कार्ल, 1818-1883 _xराजनीतिक एवं सामाजिक विचार |
||
| 600 |
_aMarx, Karl, 1818-1883 _xPolitical and social views. |
||
| 942 |
_2ddc _cHN _mअरोड़ा _h301.153 |
||
| 999 |
_c19592 _d19592 |
||